प्रकृति के उद्यान में / (Record no. 11748)

MARC details
000 -LEADER
fixed length control field 01125 a2200217 4500
005 - DATE AND TIME OF LATEST TRANSACTION
control field 20080826143350.0
008 - FIXED-LENGTH DATA ELEMENTS--GENERAL INFORMATION
fixed length control field 080826t xxu||||| |||| 00| 0 hin d
010 ## - LIBRARY OF CONGRESS CONTROL NUMBER
LC control number HIN-83139
020 ## - INTERNATIONAL STANDARD BOOK NUMBER
Terms of availability 50.00
International Standard Book Number 8188123706
035 ## - SYSTEM CONTROL NUMBER
System control number HN-55485
037 ## - SOURCE OF ACQUISITION
Source of stock number/acquisition पु.प्र.अ.प्र/प्रका
082 ## - DEWEY DECIMAL CLASSIFICATION NUMBER
Classification number 634.956
100 ## - MAIN ENTRY--PERSONAL NAME
Personal name जगन्नाथ प्रभाकर
245 ## - TITLE STATEMENT
Title प्रकृति के उद्यान में /
Statement of responsibility, etc जगन्नाथ प्रभाकर
246 ## - VARYING FORM OF TITLE
Title proper/short title Prakiti ke Udyaan mein
Remainder of title by Jagannath Prabhakar
260 ## - PUBLICATION, DISTRIBUTION, ETC. (IMPRINT)
Place of publication, distribution, etc दिल्ली
Name of publisher, distributor, etc हिमाचल पुस्तक भंडार
Date of publication, distribution, etc 2007
270 ## - ADDRESS
Address ix/221, सरस्वती भंडार, गांधीनगर
City दिल्ली
Postal code 110031
300 ## - PHYSICAL DESCRIPTION
Extent 80पृ
Dimensions 22 सेमी (सजिल्द)
942 ## - ADDED ENTRY ELEMENTS (KOHA)
Institution code [OBSOLETE] dpl
Koha item type Hindi Books
Call number prefix 634.956 / जगन्ना
Source of classification or shelving scheme Dewey Decimal Classification
Classification part 634.956
Call number suffix जगन्ना
Holdings
Withdrawn status Lost status Damaged status Not for loan Home library Current library Date acquired Cost, normal purchase price Total Checkouts Full call number Barcode Date last seen Copy number Uniform Resource Identifier Cost, replacement price Price effective from Koha item type
        D.B.Act.Division D.B.Act.Division   50.00   634.956 जगन्ना HN-55485 15/09/2008 1 12863 50.00 15/09/2008 Hindi Books

© Delhi Public Library
Hit Counter
free hit counter